Nana / (Record no. 168200)
[ view plain ]
| 000 -LEADER | |
|---|---|
| campo de control de longitud fija | 00737nam a22001815i 4500 |
| 001 - NÚMERO DE CONTROL | |
| campo de control | 168200 |
| 003 - IDENTIFICADOR DE NÚMERO DE CONTROL | |
| campo de control | ES-MaACL |
| 005 - FECHA Y HORA DE LA ÚLTIMA TRANSACCIÓN | |
| campo de control | 20250717013107.0 |
| 008 - DATOS DE LONGITUD FIJA--INFORMACIÓN GENERAL | |
| campo de control de longitud fija | 991102s1882 fr |||| | fre d |
| 040 ## - FUENTE DE CATALOGACIÓN | |
| Centro catalogador/agencia de origen | CAM |
| Lengua de catalogación | spa |
| Centro/agencia transcriptor | CAM |
| 100 1# - ENTRADA PRINCIPAL--NOMBRE DE PERSONA | |
| Nombre de persona | Zola, Émile, |
| Fechas asociadas al nombre | 1840-1902 |
| 9 (RLIN) | 118331 |
| 245 10 - MENCIÓN DEL TÍTULO | |
| Título | Nana / |
| Mención de responsabilidad, etc. | par Emile Zola; edition illustrée par André Gill, Bertall, G. Bellenger, Bigot, Clairin, etc. |
| 260 ## - PUBLICACIÓN, DISTRIBUCIÓN, ETC. | |
| Lugar de publicación, distribución, etc. | Paris : |
| Nombre del editor, distribuidor, etc. | C. Marpon et E. Flammarion éditeurs, |
| Fecha de publicación, distribución, etc. | 1882 ( |
| Fabricante | Imprimerie Emile Martinet) |
| 300 ## - DESCRIPCIÓN FÍSICA | |
| Extensión | 456 p. : |
| Otras características físicas | il. ; |
| Dimensiones | 28 cm. |
| 700 11 - ENTRADA AGREGADA--NOMBRE PERSONAL | |
| Nombre de persona | Gill, André |
| Numeración | il. |
| 9 (RLIN) | 127317 |
| 852 ## - LOCALIZACIÓN | |
| Ubicación | ES-MaACL |
| Número de control de estantería | C-2762 |
| Nota libre | -- Enc. hol., conservando la cub. anterior |
| -- | -- Legado de M. de la Fuente |
| condición física | -- Falto de port. |
| Estatus retirado | Estado de pérdida | Estado de daño | No para préstamo | Colección | Biblioteca de origen | Biblioteca actual | Ubicación en estantería | Fecha de adquisición | Fuente de adquisición | Total de préstamos | Signatura topográfica completa | Código de barras | Visto por última vez | Precio de reemplazo | Tipo de ítem Koha |
|---|---|---|---|---|---|---|---|---|---|---|---|---|---|---|---|
| Libros del s. XIX | Biblioteca del Ateneo de Madrid | Biblioteca del Ateneo de Madrid | Sala Palomar | 17/01/2008 | C-2762 | 1176486 | 23/02/2023 | 23/02/2023 | Libro impreso antiguo |
